00875nam a22002657a 45000010005000000030006000050050017000110080041000280200018000690400029000870500014001160820012001301000017001422450062001592500044002212600038002653000045003035050008003485200117003565210020004735210020004936500039005136500029005527000028005815415FISKH20241204115615.0241204b cb ||||| |||| 00| 0 eng d a9780590465380 aFISKHbengcFISKHdFISKH aF334.M753 a323.092 aParks, Rosa  aRosa Parks: My Story / cby Rosa Parks and James Haskins aFirst Scholastic printing, January 1994 aNew York : bScholastic ;c1992.  a192 pages : billustrations ; c20 cm .  aZ  aRosa Park's life story reveals the deliberate choices she made that earned her the title "Mother to a Movement."8 a970 bLexile 8 aZ bRaz-Plus  aCivil Rights MovementvNon-fiction asegregationvNon-fiction aBodier, Julieneeditor